| 000 | 00456nam a2200169Ia 4500 | ||
|---|---|---|---|
| 999 |
_c14810 _d14810 |
||
| 082 | _aTP.0272 | ||
| 100 | _aPathak, Dan Bahadur | ||
| 245 | 0 | _aHindi sufi kavya me prem bhavana | |
| 260 |
_c1972 _bLucknow University |
||
| 300 | _a502p. | ||
| 650 | _aHINDI SUFI POETRY//SUFI POETRY, HINDI | ||
| 650 | _aSUFI POETRY, HINDI | ||
| 650 | _aLOVE IN LITERATURE | ||
| 650 | _aHINDI POETRY///SUFI POETRY, HINDI | ||
| 710 | _aShukla, Sarla | ||
| 942 |
_cTH _2ddc |
||